Communes Limitrophes de Limoges - Statistiques

Statistiques générales
  • Ce quiz a été pris 249 fois
  • Le résultat moyen est 6 sur 13
Statistiques - réponses
Communes % Correct
Est Panazol
87%
Nord-Ouest Couzeix
82%
Sud-Ouest Isle
81%
Sud-Est Feytiat
76%
Sud-Ouest Condat-sur-Vienne
61%
Est Le-Palais-sur-Vienne
51%
Ouest Verneuil-sur-Vienne
48%
Sud Le Vigen
33%
Nord Chaptelat
32%
Nord Bonnac-la-Côte
26%
Sud Solignac
25%
Nord-Ouest Saint-Gence
16%
Nord-Est Rilhac-Rancon
15%
Aucun quiz correspondant
Distribution des résultats
% des personnes avec chaque résultat
Percentile par nombre de réponses
Votre historique - résultats
Vous n’avez pas pris ce quiz